Catálogo público

Avances de la ciencia de la producción lechera / (Record no. 168415)

MARC details
000 -CABECERA
campo de control de longitud fija 00723nam a2200229Ia 4500
001 - NÚMERO DE CONTROL
campo de control Z_5348
008 - DATOS DE LONGITUD FIJA--INFORMACIÓN GENERAL
campo de control de longitud fija 220113s1998 xx 000 0 und d
010 ## - NÚMERO DE CONTROL DE LA BIBLIOTECA DEL CONGRESO
Número de control de LC 168415
020 ## - NÚMERO INTERNACIONAL ESTÁNDAR DEL LIBRO
Número Internacional Estándar del Libro 84-200-0857-5
082 ## - NÚMERO DE LA CLASIFICACIÓN DECIMAL DEWEY
Número de clasificación 636.2 P45
100 ## - ENTRADA PRINCIPAL--NOMBRE DE PERSONA
Nombre de persona Phillips, C. J. C.
9 (RLIN) 87804
245 ## - MENCIÓN DE TÍTULO
Título Avances de la ciencia de la producción lechera /
Mención de responsabilidad, etc. Coord. C. J. C. Phillips
260 ## - PUBLICACIÓN, DISTRIBUCIÓN, ETC.
Lugar de publicación, distribución, etc. Zaragoza :
Nombre del editor, distribuidor, etc. Acribia,
Fecha de publicación, distribución, etc. 1998
300 ## - DESCRIPCIÓN FÍSICA
Extensión 417 p.
503 ## - NOTA DE HISTORIA BIBLIOGRÁFICA (BK CF MU) [OBSOLETO]
Nota de historia bibliográfica 225798
650 ## - PUNTO DE ACCESO ADICIONAL DE MATERIA--TÉRMINO DE MATERIA
Término de materia o nombre geográfico como elemento de entrada Ganado lechero
Subdivisión general AlimentaciónGanado lechero
-- Anatomía y fisiologíaGanado lechero
-- ReproducciónGanado lechero
-- EnfermedadesLeche
-- ProducciónBiotecnología animal
9 (RLIN) 142723
901 ## - ELEMENTOS DE DATOS A LOCAL LDA (RLIN)
a 636.2 P45
902 ## - ELEMENTOS DE DATOS B LOCAL, LDB (RLIN)
a M
910 ## - DATOS DE OPCIÓN DEL USUARIO (OCLC)
Datos de opción del usuario 1998
942 ## - ELEMENTOS DE PUNTO DE ACCESO ADICIONAL (KOHA)
Tipo de ítem Koha

No items available.